| 000 | 00795nam a22002537i 4500 | ||
|---|---|---|---|
| 003 | EG-ScBUE | ||
| 005 | 20231108113818.0 | ||
| 008 | 200219s2023 ua f 000 p eng d | ||
| 020 | _a97897786403 | ||
| 040 |
_aEG-ScBUE _beng _erda _cEG-ScBUE _dEG-ScBUE |
||
| 082 | 0 | 4 |
_222 _a892.716 _bELD |
| 100 | 1 |
_aElder, Habiba Y., _eauthor. |
|
| 245 | 1 | 0 |
_aNo tongue words / _cHabiba Y. Elder ; illustrations by Camelia Bagneid. |
| 264 | 1 |
_aCairo : _bEl-Fnaar, _c2023. |
|
| 300 |
_a150 pages ; _c18 cm |
||
| 336 |
_2rdacontent _atext _btxt |
||
| 337 |
_2rdamedia _aunmediated _bn |
||
| 338 |
_2rdacarrier _avolume _bnc |
||
| 650 | 7 |
_aArabic poetry _y21st century. _2BUEsh |
|
| 655 | _vReading book | ||
| 700 | 1 |
_aBagneid, Camelia, _eillustrator. |
|
| 942 |
_2ddc _cBB |
||
| 999 |
_c30602 _d30573 |
||